La segunda guerra fría: crítica de la política exterior norteamericana, sus mitos y propaganda
Saved in:
| Hovedforfatter: | |
|---|---|
| Format: | Bog |
| Sprog: | spansk |
| Udgivet: |
Barcelona
Crítica
1984
|
| Serier: | Estudios y Ensayos
|
| Fag: | |
| Tags: |
Tilføj Tag
Ingen Tags, Vær først til at tagge denne postø!
|
MARC
| LEADER | 00000nam a2200000 a 4500 | ||
|---|---|---|---|
| 001 | UCP6941 | ||
| 003 | CL-VaPUC | ||
| 005 | 20240425161929.0 | ||
| 008 | 991126e19840000SP |||||||||||||||||spa|d | ||
| 999 | |c 284315 |d 284313 | ||
| 040 | |c Pontificia Universidad Católica de Valparaíso | ||
| 082 | 0 | 4 | |a 327.73 |b CHO |2 21 |
| 100 | 0 | |a Chomsky, Noam |e author |9 320717 | |
| 245 | 1 | 3 | |a La segunda guerra fría: crítica de la política exterior norteamericana, sus mitos y propaganda |
| 260 | |a Barcelona |b Crítica |c 1984 | ||
| 300 | |a 324 p | ||
| 490 | 0 | |a Estudios y Ensayos | |
| 583 | |a last modification |c 19991126 00:00:00 |k Rodrigo Vera | ||
| 600 | 0 | |a Kissinger, Henry Alfred |d 1923-2023 |9 859269 | |
| 650 | 0 | |a Relaciones Internacionales |9 255740 | |
| 650 | 0 | |a Política exterior |9 316628 | |
| 650 | 0 | |a Historia y crítica |9 257407 | |
| 650 | 0 | |a Guerra Fría |9 319648 | |
| 650 | 0 | |a Propaganda |9 322285 | |
| 650 | 0 | |a Ideologías |9 255200 | |
| 651 | 0 | |a Estados Unidos |9 255178 | |
| 651 | 7 | |a TIMOR ORIENTAL |2 CL-VaPUC |9 436270 | |
| 852 | |a BIBCUR | ||
| 942 | |c BK |2 ddc | ||
| 945 | |d 19991126 00:00:00 |a crobeson | ||
| 952 | |0 0 |1 0 |4 0 |6 327_730000000000000_CHO_1984 |7 0 |8 A |9 328200 |a BIBHIS |b BIBHIS |d 2019-11-20 |i 1371649 |o 327.73 CHO 1984 |p 1371649 |r 2025-01-20 |w 2019-11-20 |y BK |k HIS | ||